Catálogo público

Mecánica agrícola / (Record no. 172324)

MARC details
000 -CABECERA
campo de control de longitud fija 01316nam a2200349Ia 4500
001 - NÚMERO DE CONTROL
campo de control dia_1787
003 - IDENTIFICADOR DEL NÚMERO DE CONTROL
campo de control CHAP
005 - FECHA Y HORA DE LA ÚLTIMA TRANSACCIÓN
campo de control 20240617134503.0
008 - DATOS DE LONGITUD FIJA--INFORMACIÓN GENERAL
campo de control de longitud fija 220117s1982 xx 000 0 und d
010 ## - NÚMERO DE CONTROL DE LA BIBLIOTECA DEL CONGRESO
Número de control de LC 172324
020 ## - NÚMERO INTERNACIONAL ESTÁNDAR DEL LIBRO
Número Internacional Estándar del Libro 968-24-1160-2 (No. 37) \ 968-24-1157-2 (No. 49) \ 968-24-1167-X (No. 36) \ 968-24-1159-9 (No. 47)
040 ## - FUENTE DE LA CATALOGACIÓN
Centro/agencia transcriptor CHAP
082 ## - NÚMERO DE LA CLASIFICACIÓN DECIMAL DEWEY
Número de clasificación 631.3 B47 1982
100 1# - ENTRADA PRINCIPAL--NOMBRE DE PERSONA
Nombre de persona Berlijn, Johan D.
9 (RLIN) 11826
245 ## - MENCIÓN DE TÍTULO
Título Mecánica agrícola /
Mención de responsabilidad, etc. Johan D. Berlijn ; colaboración Pieter M. Rijk...[et al.]
260 ## - PUBLICACIÓN, DISTRIBUCIÓN, ETC.
Lugar de publicación, distribución, etc. México :
Nombre del editor, distribuidor, etc. Trillas,
Fecha de publicación, distribución, etc. 1982
300 ## - DESCRIPCIÓN FÍSICA
Extensión v.
440 ## - MENCIÓN DE SERIE/PUNTO DE ACCESO ADICIONAL--TÍTULO
Título Manuales para educación agropecuaria
9 (RLIN) 142161
500 ## - NOTA GENERAL
Nota general La biblioteca tiene los números 36, 37, 47 y 49
503 ## - NOTA DE HISTORIA BIBLIOGRÁFICA (BK CF MU) [OBSOLETO]
Nota de historia bibliográfica C/e (No. 36,37 y 49 ej.2) \ D. (No. 49)
505 ## - NOTA DE CONTENIDO CON FORMATO
Nota de contenido con formato No.36. Elementos de maquinaria agrícola \ No.37. Motores agrícolas \ No.47. Cosechadoras de forrajes \ No.49. Desmonte y movimiento de tierra
590 ## - NOTA LOCAL (RLIN)
Nota local S675 B47 1982
650 ## - PUNTO DE ACCESO ADICIONAL DE MATERIA--TÉRMINO DE MATERIA
Término de materia o nombre geográfico como elemento de entrada Agricultural machinery and equipment
9 (RLIN) 151566
650 ## - PUNTO DE ACCESO ADICIONAL DE MATERIA--TÉRMINO DE MATERIA
Término de materia o nombre geográfico como elemento de entrada Maquinaria y equipamiento agrícola
650 ## - PUNTO DE ACCESO ADICIONAL DE MATERIA--TÉRMINO DE MATERIA
Término de materia o nombre geográfico como elemento de entrada Motores
9 (RLIN) 79095
650 ## - PUNTO DE ACCESO ADICIONAL DE MATERIA--TÉRMINO DE MATERIA
Término de materia o nombre geográfico como elemento de entrada Motors
9 (RLIN) 151567
700 ## - PUNTO DE ACCESO ADICIONAL--NOMBRE DE PERSONA
Nombre de persona Rijk, Pieter M.
9 (RLIN) 137267
901 ## - ELEMENTOS DE DATOS A LOCAL LDA (RLIN)
a 631.3 B47 1982
902 ## - ELEMENTOS DE DATOS B LOCAL, LDB (RLIN)
a M
905 ## - ELEMENTOS DE DATOS E LOCAL, LDE (RLIN)
a 5222271982 mx a 8222223322spa16
942 ## - ELEMENTOS DE PUNTO DE ACCESO ADICIONAL (KOHA)
Tipo de ítem Koha Libro
Fuente del sistema de clasificación o colocación Dewey Decimal Classification
Holdings
Estado de retiro Estado de pérdida Fuente del sistema de clasificación o colocación Estado dañado No para préstamo Código de colección Localización permanente Ubicación/localización actual Fecha de adquisición Información codificada de la localización en otra ubicación Enumeración/cronología de publicación seriada Total de préstamos Signatura topográfica completa Código de barras Fecha visto por última vez Número de copia Precio válido a partir de Tipo de ítem Koha Fecha del último préstamo
    Dewey Decimal Classification     General Ingenieria Agroindustrial Ingenieria Agroindustrial 18/01/2022 1 Volumen: 47   631.3 B47 1982 dia_010408 18/01/2022 1 18/01/2022 Libro  
    Dewey Decimal Classification     General Ingenieria Agroindustrial Ingenieria Agroindustrial 18/01/2022 1 Volumen: 37   631.3 B47 1982 dia_002526 18/01/2022 1 18/01/2022 Libro  
    Dewey Decimal Classification     General Ingenieria Agroindustrial Ingenieria Agroindustrial 18/01/2022 1 Volumen: 49   631.3 B47 1982 dia_002602 18/01/2022 1 18/01/2022 Libro  
    Dewey Decimal Classification     General Ingenieria Agroindustrial Ingenieria Agroindustrial 18/01/2022 1 Volumen: 49 1 631.3 B47 1982 dia_004691 27/01/2023 2 18/01/2022 Libro 27/01/2023
    Dewey Decimal Classification     General Ingenieria Agroindustrial Ingenieria Agroindustrial 18/01/2022 1 Volumen: 36   631.3 B47 1982 dia_002530 18/01/2022 1 18/01/2022 Libro